[Event "Val Maubuee op"]
[Site "Val Maubuee"]
[Date "1988.??.??"]
[Round "?"]
[White "Polaczek, Richard"]
[Black "Kosten, Anthony C"]
[Result "1/2-1/2"]
[WhiteElo "2280"]
[BlackElo "2515"]

1.e4 c5 2.Nf3 Nc6 3.d4 cxd4 4.Nxd4 Nf6 5.Nc3 d6 6.Bg5 e6 7.Qd2 a6 8.O-O-O h6
9.Be3 Be7 10.f3 Nxd4 11.Bxd4 b5 12.h4 Qa5 13.Qf2 Rb8 14.Kb1 b4 15.Ne2 e5
16.Ba7 Rb7 17.Nc1 Be6 18.Be3 d5 19.Nb3 Qa4 20.exd5 Nxd5 21.Bc5 Bxc5 22.Qxc5 Rc7
23.Qf2 O-O 24.Qe2 Qc6 25.Rc1 Qd6 26.Qxa6 Qe7 27.Re1 Ra7 28.Qb5 Rfa8 29.Bc4 Nc7
30.Qxe5 Rxa2 31.Rd1 R2a7 32.Rd4 Qf8 33.Rhd1 Kh8 34.Qe4 Bxc4 35.Rxc4 Ne6 36.f4 Re7
37.Qf3 f5 38.Rxb4 Rea7 39.c3 Nc5 40.Nxc5 Qxc5 41.Kc2 Re8 42.Rd5 Qg1 43.Rxf5 Ra1
44.Re5 Qb1+ 45.Kb3 Rd8 46.Qe2 Qa2+ 47.Kc2 Qb1+  1/2-1/2

[Event "Val Maubuee op"]
[Site "Val Maubuee"]
[Date "1988.??.??"]
[Round "?"]
[White "Patrat, Alexandre"]
[Black "Kosten, Anthony C"]
[Result "0-1"]
[WhiteElo "2210"]
[BlackElo "2515"]

1.e4 c5 2.Nf3 Nc6 3.d4 cxd4 4.Nxd4 Nf6 5.Nc3 d6 6.Bg5 e6 7.Qd2 a6 8.O-O-O h6
9.Bxf6 Qxf6 10.Nxc6 bxc6 11.e5 Qxe5 12.Bc4 Be7 13.f4 Qa5 14.h4 d5 15.Be2 Rb8
16.Qe3 Bf6 17.Rd3 Qb5 18.a3 Qxb2+ 19.Kd2 O-O 20.g4 d4 21.Rxd4 Bxd4 22.Qxd4 e5
23.fxe5 Be6 24.Bd3 Rfd8 25.Qa4 Rxd3+  0-1

[Event "Vilnius"]
[Site "Vilnius"]
[Date "1988.??.??"]
[Round "?"]
[White "Akopian, Vladimir"]
[Black "Serper, Grigory"]
[Result "1/2-1/2"]
[WhiteElo "2460"]
[BlackElo "2450"]

1.e4 c5 2.Nf3 Nc6 3.d4 cxd4 4.Nxd4 Nf6 5.Nc3 d6 6.Bg5 e6 7.Qd2 a6 8.O-O-O h6
9.Be3 Nxd4 10.Qxd4 Qc7 11.Be2 b5 12.f4 Bb7 13.Bf3 Be7 14.g4 Rc8 15.g5 hxg5
16.fxg5 Rh3 17.Rhf1 Rxf3 18.Rxf3 Nxe4 19.Rh3 Nxc3 20.bxc3 Qxc3 21.Rh8+ Kd7
22.Rxc8 Qxd4 23.Rxd4 Bxc8 24.Rh4 g6 25.Rh7 Ke8 26.Rh8+ Kd7 27.Rh7 Ke8 28.Rh8+ Kd7
29.Rh7  1/2-1/2

[Event "RSFSR-ch"]
[Site "Voronezh"]
[Date "1988.??.??"]
[Round "?"]
[White "Dvoirys, Semen I"]
[Black "Ruban, Vadim"]
[Result "1/2-1/2"]
[WhiteElo "2440"]
[BlackElo "2395"]

1.e4 c5 2.Nf3 d6 3.d4 cxd4 4.Nxd4 Nf6 5.Nc3 Nc6 6.Bg5 e6 7.Qd2 a6 8.O-O-O h6
9.Be3 Nxd4 10.Qxd4 Qc7 11.f3 b5 12.g4 Rb8 13.h4 b4 14.Na4 d5 15.Be2 dxe4
16.fxe4 e5 17.Qa7 Qxa7 18.Bxa7 Rb7 19.Bb6 Bd7 20.Bxa6 Rb8 21.Rxd7 Kxd7 22.Bb5+ Ke6
23.Bc4+ Kd6 24.Rd1+ Kc6 25.g5 hxg5 26.hxg5 Nd7 27.Ba7 Rd8 28.Bxf7 Be7 29.Be3 Rh3
30.Bd2 Nb6 31.Nxb6 Kxb6 32.g6 Bc5 33.Bd5 Rg3 34.c3 bxc3 35.Bxc3 Rc8 36.Be6 Rc6
37.Bd5 Rc8 38.Be6 Rc6 39.Bd5 Rcxg6 40.Bxe5 Rg1 41.Rxg1 Rxg1+ 42.Kd2 g5 43.a3 Kb5
44.b4 Ba7 45.Ke2 g4 46.Be6 Ka4 47.Bd7+ Kxa3 48.b5 Bb6 49.Bd6+ Kb3 50.e5 Rg2+
51.Kd3 Rg3+  1/2-1/2

[Event "Hoogovens-B"]
[Site "Wijk aan Zee"]
[Date "1988.??.??"]
[Round "?"]
[White "Tseshkovsky, Vitaly"]
[Black "Cifuentes Parada, Roberto"]
[Result "1/2-1/2"]
[WhiteElo "2460"]
[BlackElo "2530"]

1.e4 c5 2.Nf3 d6 3.d4 cxd4 4.Nxd4 Nf6 5.Nc3 Nc6 6.Bg5 Bd7 7.Qd2 Rc8 8.Be2 a6
9.Bxf6 gxf6 10.Nf5 Qa5 11.Ne3 Bh6 12.O-O f5 13.exf5 Bxf5 14.f4 Be6 15.Kh1 Rg8
16.a3 Qb6 17.Bd3 Ne5 18.Ncd5 Bxd5 19.Nxd5 Qc5 20.Bf5 Rd8 21.Rad1 Kf8 22.Qe1 Nc6
23.b4 Qa7 24.Qh4 Bg7 25.Bxh7 Rh8 26.f5 b5 27.Nf4 Ke8 28.Nd5 Be5 29.Rfe1 Kd7
30.f6 e6 31.Ne7 Kc7 32.Nxc6 Kxc6 33.Qe4+ Kc7 34.Rd3 Qf2 35.Rf3 Qd4 36.Qxd4 Bxd4
37.Bd3 Rh6 38.Ref1 Rdh8 39.h3 d5 40.c3 Be5 41.Kg1 Kd6 42.Be2 Rc8 43.a4 Rxc3
44.Rxc3 Bxc3 45.axb5 axb5 46.Bxb5 Bxf6 47.Be8 Bd4+ 48.Kh2 f5 49.Rc1 Be3 50.Ra1 Rh4
51.Ra3 Bd2 52.b5 Rb4 53.Bf7 Ke7 54.Bg8 Rxb5 55.Ra7+ Kf6 56.Ra6 Bf4+ 57.g3 Rb2+
58.Kh1 Bxg3 59.Bxe6 Ke5 60.Bd7 f4 61.Bg4 d4 62.Re6+ Kd5 63.Re2 Rb1+ 64.Kg2 d3
65.Re7 Rb2+ 66.Kg1 Bf2+ 67.Kf1 Bh4 68.Rh7 Bf6 69.Rb7 Ra2 70.Bf5 d2 71.Rd7+ Kc5
72.Ke2 Bc3 73.Rc7+ Kd4 74.Rd7+ Ke5 75.Bg4 Ra1 76.Re7+ Kd6 77.Rd7+ Kc5 78.Rc7+ Kb6
79.Rd7 Bb4 80.Kf2 Kc6 81.Rd3 Bc5+ 82.Kg2 Be3 83.Be2 Rg1+ 84.Kf3 Rg3+ 85.Ke4 Rxh3
86.Bf3 Rg3 87.Rd8 Kc7 88.Rd5 Rg1 89.Ke5 Rf1 90.Ke4 Kc6 91.Bg4 Rg1 92.Bh5 Rg8
93.Bf3 Rg3 94.Rd8 Kc5 95.Rd5+ Kb4 96.Rd8 Rg7 97.Rb8+ Kc5 98.Rd8 Ra7 99.Kd3 Ra3+
100.Ke4 Ra4+ 101.Kd3 Ra1 102.Ke4 Re1 103.Rd7 Bd4+ 104.Kxf4 d1=Q 105.Bxd1 Rxd1
106.Ke4 Re1+ 107.Kf5 Be5 108.Ra7 Bd6 109.Ra5+ Kc6 110.Ra2 Kd7 111.Ra5 Bc7
112.Rd5+ Kc6 113.Rd3 Be5 114.Rd2 Re3 115.Rd1 Kc5 116.Rd2 Bd4 117.Ra2 Kd5
118.Ra5+ Bc5 119.Ra4 Re8 120.Ra6 Rf8+ 121.Rf6 Ra8 122.Rf7 Ra2 123.Rd7+ Bd6
124.Rf7 Rf2+ 125.Kg6 Rg2+ 126.Kf5 Rg1 127.Rf6 Be5 128.Rf7 Bd6 129.Ra7 Rf1+
130.Kg4 Be5 131.Ra5+ Ke4 132.Ra4+ Bd4 133.Rb4 Ra1 134.Rc4 Rg1+ 135.Kh4 Ke5
136.Kh3 Be3 137.Rg4 Ra1 138.Rb4 Ra2 139.Kg3 Bd4 140.Kf3 Ra3+  1/2-1/2

[Event "BRA-ch"]
[Site "Fortaleza"]
[Date "1989.08.??"]
[Round "1"]
[White "Tsuboi, Edson Kenji"]
[Black "Chemin, Vitorio"]
[Result "1-0"]
[WhiteElo "2305"]
[BlackElo "2300"]

1.e4 c5 2.Nf3 Nc6 3.d4 cxd4 4.Nxd4 Nf6 5.Nc3 d6 6.Bg5 Bd7 7.Qd2 a6 8.O-O-O b5
9.Bxf6 gxf6 10.f4 Rg8 11.Kb1 e6 12.g3 Qb6 13.Nxc6 Bxc6 14.Qe2 Be7 15.Re1 Ra7
16.f5 b4 17.Nd1 e5 18.Qd3 a5 19.Ne3 a4 20.Nd5 Qc5 21.Rd1 a3 22.Qc4 Bxd5 23.Rxd5 Qxc4
24.Bxc4 h5 25.Rb5 Kf8 26.Rxb4 Kg7 27.Bd5 axb2 28.Kxb2 Rc8 29.Rd1 Bd8 30.Rd3 Ba5
31.Rb5 Be1 32.Rdb3 Bf2 33.Rb7 Rxb7 34.Rxb7 Bd4+ 35.Kb1 Rf8 36.a4 Bg1 37.a5 Bxh2
38.a6 Bxg3 39.a7 Bf2 40.Rxf7+ Rxf7 41.a8=Q Rf8 42.Qb7+ Kh6 43.Qe7 Rb8+ 44.Ka2 Kg5
45.Qg7+ Kf4 46.Qxf6 h4 47.Qxd6 Rb6 48.Bc6 h3 49.f6 Ra6+ 50.Kb3 Ra7 51.f7 Rxf7
52.Qh6+ Kg3 53.Qg6+ Kh2 54.Qxf7 Kg2 55.Bd7  1-0

[Event "BRA-ch"]
[Site "Fortaleza"]
[Date "1989.08.??"]
[Round "6"]
[White "Tsuboi, Edson Kenji"]
[Black "Milos, Gilberto"]
[Result "0-1"]
[WhiteElo "2305"]
[BlackElo "2510"]

1.e4 c5 2.Nf3 Nc6 3.d4 cxd4 4.Nxd4 Nf6 5.Nc3 d6 6.Bg5 Bd7 7.Qd2 Rc8 8.O-O-O Nxd4
9.Qxd4 Qa5 10.Bd2 a6 11.Bc4 Qc5 12.Qxc5 Rxc5 13.Bb3 g6 14.Rhe1 Bg7 15.Nd5 Nxd5
16.exd5 Rc7 17.Bf4 Kf8 18.Re3 h6 19.Re4 b5 20.Bd2 Bf5 21.Ree1 Bf6 22.Ba5 Rb7
23.a3 Kg7 24.f3 h5 25.Kb1 h4 26.Re3 Rc8 27.Rde1 Be5 28.h3 Kf6 29.R3e2 g5
30.Rd1 Bg3 31.Ka2 Be5 32.Kb1 Rd7 33.Ka2 e6 34.Bb4 Bf4 35.dxe6 fxe6 36.Bc3+ Rxc3
37.bxc3 Rc7 38.Rde1 Be5 39.Rxe5 dxe5 40.Kb2 Bg6 41.Re3 e4 42.fxe4 Ke5 43.g3 a5
44.gxh4 gxh4 45.Re1 Rc8 46.Re2 Rf8 47.c4 bxc4 48.Bxc4 Rf3 49.Rg2 Rg3 50.Rh2 Bxe4
51.Re2 Rg2 52.Re1 Kd4 53.Bxe6 Bxc2 54.Ka1 a4 55.Rf1 Bd3 56.Rc1 Rf2 57.Bd7 Bc2
58.Rg1 Kc3 59.Re1 Rd2 60.Re3+ Kd4 61.Re6 Rh2 62.Rb6 Kc3 63.Be6 Be4 64.Rb4 Bd3
65.Rb8 Rh1+ 66.Ka2 Re1 67.Rc8+ Kd2 68.Bd7 Bc2 69.Rd8 Ke3 70.Kb2 Bb3 71.Bg4 Kf4
72.Rf8+ Kg3 73.Rf3+ Kg2 74.Rd3 Re7 75.Rd2+ Kf1 76.Rd4 Kf2 77.Bd7 Ke3 78.Rd6 Re4
79.Bg4 Rf4 80.Rc6 Rf2+ 81.Kb1 Kd4 82.Bd7 Bd5 83.Rd6 Kc5 84.Ra6 Kc4 85.Bxa4 Kc3
86.Kc1 Ra2 87.Rb6 Ra1+ 88.Rb1 Rxa3 89.Bc2 Ra2 90.Bh7 Be6 91.Kd1 Bxh3 92.Ke1 Bg4
93.Rb6 h3 94.Rh6 Kd4  0-1

[Event "Alma-Ata"]
[Site "Alma-Ata"]
[Date "1989.??.??"]
[Round "12"]
[White "Conquest, Stuart"]
[Black "Temirbaev, Serik"]
[Result "1-0"]
[WhiteElo "2490"]
[BlackElo "2390"]

1.e4 c5 2.Nf3 Nc6 3.d4 cxd4 4.Nxd4 Nf6 5.Nc3 d6 6.Bg5 e6 7.Qd2 Be7 8.O-O-O O-O
9.Nb3 Qb6 10.f3 Rd8 11.Kb1 d5 12.Bxf6 Bxf6 13.exd5 Bxc3 14.Qxc3 exd5 15.Qc5 Be6
16.Bd3 Qc7 17.Rhe1 Rac8 18.Nd4 Qd7 19.Nxe6 fxe6 20.Qe3 Re8 21.c3 Qf7 22.Bc2 Re7
23.f4 Qf6 24.Qh3 g6 25.Rxd5 Rce8 26.Rd3 Qxf4 27.a3 Kg7 28.g3 Qg5 29.Rde3 e5
30.Qg2 Rd8 31.h4 Qf6 32.h5 Qg5 33.hxg6 hxg6 34.R3e2 Rh8 35.Rd1 Nd8 36.Rd6 Ne6
37.Qd5 Nf8 38.Ka2 Qh5 39.Re4 Qf5 40.Bb3 a5 41.g4 Qg5 42.Rb6 Kh6 43.Re1 Nh7
44.Rxb7 Rhe8 45.Rh1+ Kg7 46.Qf7+  1-0

[Event "Akropolis op"]
[Site "Athens"]
[Date "1989.??.??"]
[Round "?"]
[White "Pandavos, Panayotis"]
[Black "Skoularikis, Fotios"]
[Result "0-1"]
[WhiteElo "2300"]
[BlackElo "2205"]

1.e4 c5 2.Nf3 d6 3.d4 cxd4 4.Nxd4 Nf6 5.Nc3 Nc6 6.Bg5 e6 7.Qd2 a6 8.f4 h6
9.Bxf6 Qxf6 10.Nb3 Qd8 11.O-O-O Qc7 12.Kb1 b5 13.g3 Bb7 14.Bg2 b4 15.Ne2 Be7
16.Nbd4 Nxd4 17.Qxd4 O-O 18.Qxb4 Rab8 19.Rd3 Bd5 20.Rc3 Qa7 21.Qa4 Qf2 22.Bh3 Bf6
23.exd5 Bxc3 24.Nxc3 Qf3 25.Qe4 Qxc3 26.b3 Rb4 27.Qd3 Qxd3 28.cxd3 Re8 29.Re1 e5
30.fxe5 Rxe5 31.Rxe5 dxe5 32.Kc2 Kf8 33.Bc8 Rb8 34.Bh3 Ke7 35.Kc3 Kd6 36.Kc4 Rb5
37.b4 Rxd5 38.a3 Rd4+ 39.Kc3 a5 40.bxa5 Ra4 41.Kb3 Rxa5 42.Kb4 Rd5 43.Bf1 Kc7
44.Kc4 Ra5 45.Kb4 Kb6 46.Bg2 Rb5+  0-1

[Event "AUT-chT"]
[Site "?"]
[Date "1989.??.??"]
[Round "?"]
[White "Beni, Alfred"]
[Black "Watzka, Horst"]
[Result "1/2-1/2"]
[WhiteElo "2235"]
[BlackElo "2330"]

1.e4 c5 2.Nf3 Nc6 3.d4 cxd4 4.Nxd4 Nf6 5.Nc3 d6 6.Bg5 Bd7 7.Qd2 Rc8 8.O-O-O Nxd4
9.Qxd4 Qa5 10.Bd2 a6 11.a3 Qc5 12.Qxc5 Rxc5 13.f3 g6 14.Be3 Rc6 15.Nd5 Bg7
16.Bd4 Nh5  1/2-1/2

[Event "AUT-chT"]
[Site "?"]
[Date "1989.??.??"]
[Round "?"]
[White "Janetschek, Karl"]
[Black "Titz, Heimo"]
[Result "1/2-1/2"]
[WhiteElo "2345"]
[BlackElo "2210"]

1.e4 c5 2.Nf3 d6 3.d4 cxd4 4.Nxd4 Nf6 5.Nc3 Nc6 6.Bg5 e6 7.f4 Qb6 8.Nb3 a6
9.Qe2 Na5 10.g4 Bd7 11.Bh4 Nxb3 12.axb3 h6 13.Bg2 Qc7 14.O-O-O Be7 15.Rd4 Bc6
16.Rhd1 Rd8 17.e5 dxe5 18.Rxd8+ Bxd8 19.fxe5 Nd7 20.Bxd8 Kxd8 21.Bxc6 Qxc6
22.Rd6 Qc7 23.Qe3 Ke7 24.g5 Rc8 25.gxh6 gxh6 26.Qxh6 Nxe5 27.Nd5+ exd5 28.Qf6+ Kf8
29.Qh8+ Ke7 30.Qxe5+ Kf8 31.c3 Re8 32.Qh8+ Ke7 33.Qf6+ Kf8 34.Qh6+ Ke7 35.Rxd5 Rg8
36.Qh4+ Ke8 37.Qe4+ Kf8 38.Qb4+ Ke8 39.Qe4+ Kf8 40.Re5 Rg1+ 41.Kc2 Qd7 42.Rd5 Qe7
43.Qxe7+ Kxe7 44.c4 Ke6 45.b4 f5 46.Rd1 Rg4 47.Kd3 Rh4 48.Re1+ Kd6 49.Re2 Rh3+
50.Kd4 Rh4+  1/2-1/2

[Event "AUT-chT"]
[Site "?"]
[Date "1989.??.??"]
[Round "?"]
[White "Watzka, Horst"]
[Black "Titz, Heimo"]
[Result "1-0"]
[WhiteElo "2330"]
[BlackElo "2210"]

1.e4 c5 2.Nf3 d6 3.d4 cxd4 4.Nxd4 Nf6 5.Nc3 Nc6 6.Bg5 e6 7.Qd2 a6 8.O-O-O h6
9.Be3 Bd7 10.f4 Qc7 11.Kb1 b5 12.Bd3 Be7 13.h3 Nxd4 14.Bxd4 Bc6 15.Rhe1 Qb7
16.e5 dxe5 17.fxe5 Nd5 18.Ne4 O-O 19.Qf2 f5 20.exf6 Nxf6 21.Qg3 Rf7 22.Qg6 Nxe4
23.Rxe4 Bf8 24.Rxe6 Rf4 25.Rde1  1-0

[Event "Bad Mergentheim op"]
[Site "Bad Mergentheim"]
[Date "1989.??.??"]
[Round "?"]
[White "Jansa, Vlastimil"]
[Black "Lanka, Zigurds"]
[Result "1-0"]
[WhiteElo "2505"]
[BlackElo "2445"]

1.e4 c5 2.Nf3 Nc6 3.d4 cxd4 4.Nxd4 Nf6 5.Nc3 d6 6.Bg5 e6 7.Qd2 a6 8.O-O-O h6
9.Bf4 Bd7 10.Nxc6 Bxc6 11.Qe1 Be7 12.Kb1 Qc7 13.f3 b5 14.Bd3 e5 15.Bd2 Qb7
16.h4 a5 17.g4 b4 18.Ne2 d5 19.Ng3 dxe4 20.fxe4 Nxg4 21.Nf5 Bf8 22.h5 Nf6
23.Qg3 O-O-O 24.Qxe5 Nxe4 25.Bxe4 Bxe4 26.Bg5 Bd6 27.Rxd6 Rde8 28.Rd8+ Rxd8
29.Ne7+ Qxe7 30.Bxe7 Bxh1 31.Qc5+ Kb8 32.Qb6+ Kc8 33.Qc5+ Kb8 34.Bxd8 Rxd8
35.Qe5+ Kc8 36.b3 Bd5 37.Qxg7 Rd6 38.Qd4 f5 39.Qf4 Kc7 40.Qxf5 Kb6 41.Kb2 Bb7
42.a3 bxa3+ 43.Kxa3 Ka6 44.Qe5 Rb6 45.Qe2+ Ka7 46.Ka4 Ra6 47.Qe3+ Kb8 48.Kb5 Kc7
49.Qe5+ Kc8 50.c4 a4 51.Qc5+ Kb8 52.bxa4 Re6 53.Qf8+ Ka7 54.Qf2+ Ka8 55.Qf7 Ra6
56.Qc7 Re6 57.Qd7 Ra6 58.c5 Kb8 59.c6  1-0

[Event "Bad Woerishofen op"]
[Site "Bad Woerishofen"]
[Date "1989.??.??"]
[Round "?"]
[White "Lau, Ralf"]
[Black "Lobron, Eric"]
[Result "0-1"]
[WhiteElo "2475"]
[BlackElo "2555"]

1.e4 c5 2.Nf3 d6 3.d4 cxd4 4.Nxd4 Nf6 5.Nc3 Nc6 6.Bg5 e6 7.Qd2 Be7 8.O-O-O O-O
9.Nb3 a5 10.a4 d5 11.Bb5 Nb4 12.e5 Ne8 13.Bxe7 Qxe7 14.f4 Nc7 15.Nd4 Bd7
16.Bxd7 Qxd7 17.Rhe1 Nc6 18.Nf3 Nb4 19.Qe2 Rab8 20.Nd4 Nc6 21.Ndb5 Nxb5 22.Nxb5 b6
23.Kb1 Na7 24.Nxa7 Qxa7 25.f5 Qe7 26.f6 gxf6 27.Qg4+ Kh8 28.Qh4 Rg8 29.exf6 Qf8
30.Re5 Rg6 31.Rh5 h6 32.Rd3 Rc8 33.b3 Kg8 34.Rf3 Qc5 35.Qf2 Qxf2 36.Rxf2 Kh7
37.Re5 Rg5 38.Re3 Rcg8 39.g3 Rc8 40.Kb2 Kg6 41.Ref3 Rc6 42.h4 Rg4 43.Re2 Re4
44.Rxe4 dxe4 45.Rf4 h5 46.Rxe4 Kxf6 47.c3 e5 48.b4 Kf5 49.Re1 e4 50.Kb3 Ke5
51.c4 Rg6 52.Re3 f5 53.bxa5 bxa5 54.Kc3 Rd6 55.c5 Rd4 56.Re1 Rd3+ 57.Kc4 Rxg3
58.c6 Rg8 59.Rb1 Kd6 60.Rb5 Rf8 61.Rc5 f4 62.c7 Kd7 63.Kd4 e3 64.Rc1 Kc8
65.Ke4 Rf7 66.Kf3 Rxc7 67.Rg1 Rc4 68.Rg5 Rxa4 69.Rxh5 Ra1 70.Re5 a4 71.Kxf4 a3
72.Rxe3 Rf1+ 73.Kg5 a2 74.Ra3 a1=Q 75.Rxa1 Rxa1 76.h5 Kd8 77.Kf6 Rh1 78.Kg6 Ke7
79.h6  0-1

[Event "Belgrade op"]
[Site "Belgrade"]
[Date "1989.??.??"]
[Round "5"]
[White "Jevtic, M."]
[Black "Grigorov, Jordan N"]
[Result "0-1"]
[WhiteElo "2340"]
[BlackElo "2380"]

1.e4 c5 2.Nf3 Nc6 3.d4 cxd4 4.Nxd4 Nf6 5.Nc3 d6 6.Bg5 e6 7.Qd2 a6 8.O-O-O h6
9.Bxf6 Qxf6 10.Kb1 Qxd4 11.Qxd4 Nxd4 12.Rxd4 Bd7 13.Na4 Bc6 14.Nb6 Rd8 15.b4 Be7
16.f3 O-O 17.a3 d5 18.exd5 exd5 19.a4 Rfe8 20.Bd3 Bf6 21.Rf4 Bg5 22.Rg4 Be3
23.a5 h5 24.Rh4 g6 25.Rf1 Kg7 26.g4 Bg5 27.Rh3 hxg4 28.Rg3 f5 29.fxg4 f4
30.Rg2 f3 31.Rg3 d4 32.Nc4 Bf4 33.Rh3 Rh8 34.Rxh8 Rxh8 35.Re1 f2 36.Re6 Kf7
37.Rxc6 bxc6 38.Nb6 Bd2 39.Bxa6 Bxb4 40.Bc4+ Ke7 41.a6 Bc5 42.Na4 Ba7  0-1

[Event "Belgrade op"]
[Site "Belgrade"]
[Date "1989.??.??"]
[Round "7"]
[White "Matulovic, Milan"]
[Black "Jovanovic, Sasa T"]
[Result "1-0"]
[WhiteElo "2425"]
[BlackElo "2215"]

1.e4 c5 2.Nf3 d6 3.d4 cxd4 4.Nxd4 Nf6 5.Nc3 Nc6 6.Bg5 e6 7.Qd2 a6 8.O-O-O Bd7
9.f4 b5 10.Bxf6 gxf6 11.Kb1 Qb6 12.Nce2 Na5 13.b3 Rc8 14.g3 Nc6 15.c3 Qa5
16.Nc2 h5 17.h4 Qb6 18.Bh3 a5 19.f5 Rc7 20.fxe6 fxe6 21.Rhf1 b4 22.c4 a4
23.Rxf6 axb3 24.axb3 Be7 25.Rh6 Rf8 26.Bxe6 Bxe6 27.Rxe6 Rf3 28.Ncd4 Nxd4
29.Nxd4 Rxg3 30.e5 Rd7 31.exd6 Qa5 32.Rxe7+ Rxe7 33.dxe7 Qa3 34.Qa2  1-0

[Event "Bern op"]
[Site "Bern"]
[Date "1989.??.??"]
[Round "?"]
[White "Domont, Alexandre"]
[Black "Gast, Jonathan"]
[Result "1-0"]
[WhiteElo "2310"]
[BlackElo "2305"]

1.e4 c5 2.Nf3 d6 3.d4 cxd4 4.Nxd4 Nf6 5.Nc3 Nc6 6.Bg5 e6 7.Qd2 a6 8.O-O-O Bd7
9.f4 b5 10.Bxf6 gxf6 11.Nxc6 Bxc6 12.Qe3 Qa5 13.a3 b4 14.axb4 Qxb4 15.Qd4 Qxd4
16.Rxd4 Bh6 17.g3 Kd7 18.Bh3 Kc7 19.Rhd1 Rhd8 20.Rc4 Kb6 21.Kd2 d5 22.exd5 Bxd5
23.Nxd5+ Rxd5+ 24.Ke1 Rad8 25.Rxd5 exd5 26.Rd4 Kc5 27.Ra4 Kb5 28.b3 a5 29.Bf5 Bf8
30.Bxh7 Bb4+ 31.Kf2 Kc5 32.Bd3 Bc3 33.Kf3 Rh8 34.h4 Re8 35.h5 Be1 36.Ra1 Kd4
37.h6  1-0

[Event "Bled op"]
[Site "Bled"]
[Date "1989.??.??"]
[Round "8"]
[White "Fercec, Nenad"]
[Black "Sher, Miron N"]
[Result "0-1"]
[WhiteElo "2390"]
[BlackElo "2460"]

1.e4 c5 2.Nf3 d6 3.d4 Nf6 4.Nc3 cxd4 5.Nxd4 Nc6 6.Bg5 e6 7.Qd2 a6 8.O-O-O h6
9.Be3 Be7 10.f4 Nxd4 11.Qxd4 b5 12.Be2 Bb7 13.Bf3 Rc8 14.e5 Bxf3 15.gxf3 dxe5
16.fxe5 Qxd4 17.Bxd4 Nd7 18.f4 O-O 19.Ne4 Rfd8 20.Rd3 Nf8 21.Rhd1 Ng6 22.Be3 Rxd3
23.Rxd3 Rc7 24.b3 f6 25.exf6 gxf6 26.c4 bxc4 27.Rc3 f5 28.Nd2 Bd6 29.Nxc4 Bxf4
30.Bxf4 Nxf4 31.Kb2 Kg7 32.Rg3+ Kf6 33.Rg8 Ng6 34.Ra8 Rc6 35.Na5 Rc5 36.Rxa6 f4
37.Nc4 Ne5 38.Nxe5 Kxe5 39.Ra8 f3 40.Rf8 Ke4 41.Rf6 Re5 42.a4 Ke3 43.b4 f2
44.Rxf2 Kxf2 45.a5 Rb5 46.Kc3 e5 47.Kc4 Rb8  0-1

[Event "Spring op"]
[Site "Budapest"]
[Date "1989.??.??"]
[Round "?"]
[White "Kholmov, Ratmir D"]
[Black "Shirov, Alexei"]
[Result "1/2-1/2"]
[WhiteElo "2510"]
[BlackElo "2450"]

1.e4 c5 2.Nf3 d6 3.d4 cxd4 4.Nxd4 Nf6 5.Nc3 Nc6 6.Bg5 e6 7.Qd2 a6 8.O-O-O h6
9.Bf4 Bd7 10.Nxc6 Bxc6 11.f3 d5 12.Qe1 Bb4 13.a3 Ba5 14.Bd2 Qe7 15.e5 Nd7
16.Kb1 d4 17.Ne4 Bxd2 18.Nxd2 O-O 19.Nb3 Qg5 20.Rxd4 Qxe5 21.Qxe5 Nxe5 22.Be2 Rfc8
23.Rhd1 Bd5 24.Nc1 Kf8 25.Nd3 Nxd3 26.Bxd3 Ke7 27.c4 Bc6 28.Be4 Bxe4+ 29.Rxe4 a5  1/2-1/2

[Event "Spring op"]
[Site "Budapest"]
[Date "1989.??.??"]
[Round "?"]
[White "Kislov, Mikhail"]
[Black "Podvrsnik, Marko"]
[Result "1-0"]
[WhiteElo "2415"]
[BlackElo "2290"]

1.e4 c5 2.Nf3 d6 3.d4 cxd4 4.Nxd4 Nf6 5.Nc3 Nc6 6.Bg5 e6 7.Qd2 Be7 8.O-O-O O-O
9.Nb3 a6 10.Bxf6 gxf6 11.f4 Kh8 12.f5 b5 13.fxe6 fxe6 14.Kb1 b4 15.Ne2 Qb6
16.Nf4 Rd8 17.Be2 a5 18.Bg4 a4 19.Nc1 Ne5 20.Bxe6 Bxe6 21.Nxe6 Rg8 22.Nf4 Nc4
23.Qd4 Qc5 24.Nd5 Bd8 25.g3 Rg6 26.Qxc5 dxc5 27.Nd3 Rc8 28.Rde1 Rc6 29.N3f4 Rg8
30.Nh5 Rf8 31.b3 Na3+ 32.Kb2 Re6 33.Rhf1 axb3 34.axb3 Kg8 35.Nhf4 Re5 36.Nd3 Rh5
37.h4 Nb5 38.Nxc5 Nc7 39.Nd7 Nxd5 40.exd5 Rxd5 41.Nxf8  1-0

[Event "Perenyi mem-B"]
[Site "Budapest"]
[Date "1989.??.??"]
[Round "?"]
[White "Horvath, Csaba"]
[Black "Kiss, Attila"]
[Result "1-0"]
[WhiteElo "2445"]
[BlackElo "2360"]

1.e4 c5 2.Nf3 Nc6 3.d4 cxd4 4.Nxd4 Nf6 5.Nc3 d6 6.Bg5 e6 7.Qd2 Be7 8.O-O-O O-O
9.Nb3 a6 10.Bxf6 gxf6 11.Qh6 Kh8 12.Qh5 Qe8 13.f4 Rg8 14.g4 b5 15.Bd3 Rg7
16.h4 b4 17.Na4 Rb8 18.g5 e5 19.Rdg1 Qg8 20.Qf3 exf4 21.Qxf4 Ne5 22.Qf2 fxg5
23.hxg5 Qd8 24.Nd4 Bd7 25.b3 Bxa4 26.bxa4 Qb6 27.Rh2 d5 28.Rgh1 Nxd3+ 29.cxd3 dxe4
30.Rxh7+ Rxh7 31.Rxh7+ Kxh7 32.Qxf7+ Kh8 33.g6 Qc7+ 34.Kb1  1-0

[Event "Cheliabinsk"]
[Site "Cheliabinsk"]
[Date "1989.??.??"]
[Round "?"]
[White "Dvoirys, Semen I"]
[Black "Panchenko, Alexander N"]
[Result "0-1"]
[WhiteElo "2520"]
[BlackElo "2430"]

1.e4 c5 2.Nf3 d6 3.d4 cxd4 4.Nxd4 Nf6 5.Nc3 Nc6 6.Bg5 e6 7.Qd2 a6 8.O-O-O Bd7
9.f4 b5 10.Bxf6 gxf6 11.f5 Qb6 12.Nxc6 Bxc6 13.fxe6 fxe6 14.Qf4 h5 15.Kb1 Be7
16.Bd3 O-O-O 17.Rhe1 Bd7 18.Ne2 Kb8 19.Qf1 Bc8 20.Nf4 Rdg8 21.c3 Rg5 22.Bc2 Rhg8
23.g3 Qb7 24.a4 Bd7 25.axb5 Rxb5 26.Nd3 Rb6 27.Qf3 Ka8 28.Qxh5 Rb8 29.Kc1 Bb5
30.b3 Bxd3 31.Rxd3 Rxb3 32.Bxb3 Qxb3 33.Kd2 d5 34.exd5 Qa2+ 35.Ke3 Bc5+ 36.Ke4 Qc4+
37.Rd4 Qxc3 38.Red1 Bxd4 39.Qe2 Ba7 40.dxe6 Qe5+ 41.Kf3 Rb3+ 42.Rd3 Qh5+
43.g4 Qd5+  0-1

[Event "Cheliabinsk"]
[Site "Cheliabinsk"]
[Date "1989.??.??"]
[Round "?"]
[White "Dvoirys, Semen I"]
[Black "Timoshenko, Georgy"]
[Result "1-0"]
[WhiteElo "2520"]
[BlackElo "2530"]

1.e4 c5 2.Nf3 Nc6 3.d4 cxd4 4.Nxd4 Nf6 5.Nc3 d6 6.Bg5 e6 7.Qd2 a6 8.O-O-O h6
9.Be3 Be7 10.f4 Nxd4 11.Bxd4 b5 12.Bd3 b4 13.Ne2 e5 14.Be3 Ng4 15.Bg1 exf4
16.Nxf4 a5 17.Bb5+ Bd7 18.Bxd7+ Qxd7 19.Kb1 O-O 20.Nd5 Bg5 21.Qe2 Rae8 22.Bd4 Bd8
23.h3 Ne5 24.b3 Qe6 25.Nf4 Qe7 26.Bb2 Qh4 27.Rhf1 Bg5 28.Nd5 Ng6 29.g4 Bd8
30.Qg2 Qg5 31.Rf5  1-0

[Event "Cheliabinsk"]
[Site "Cheliabinsk"]
[Date "1989.??.??"]
[Round "?"]
[White "Ivanov, Jordan"]
[Black "Panchenko, Alexander N"]
[Result "1/2-1/2"]
[WhiteElo "2300"]
[BlackElo "2430"]

1.e4 c5 2.Nf3 Nc6 3.d4 cxd4 4.Nxd4 Nf6 5.Nc3 d6 6.Bg5 e6 7.Qd2 a6 8.O-O-O h6
9.Be3 Nxd4 10.Bxd4 b5 11.f3 Qa5 12.Qf2 b4 13.Bb6 Qg5+ 14.Be3 Qa5 15.Bb6 Qg5+  1/2-1/2

[Event "Cheliabinsk"]
[Site "Cheliabinsk"]
[Date "1989.??.??"]
[Round "?"]
[White "Timoshenko, Georgy"]
[Black "Galliamova, Alisa"]
[Result "0-1"]
[WhiteElo "2530"]
[BlackElo "2370"]

1.e4 c5 2.Nf3 Nc6 3.d4 cxd4 4.Nxd4 Nf6 5.Nc3 d6 6.Bg5 e6 7.Qd2 a6 8.O-O-O Bd7
9.f4 b5 10.Nxc6 Bxc6 11.Qe1 Be7 12.Bxf6 Bxf6 13.e5 Be7 14.Kb1 Qc7 15.Qg3 O-O
16.Bd3 dxe5 17.fxe5 b4 18.Ne4 Bxe4 19.Bxe4 Rad8 20.Bd3 a5 21.Rhe1 a4 22.Re4 Rd5
23.Rde1 Rfd8 24.h4 f5 25.R4e2 b3 26.a3 Bxa3 27.Rc1 Bxb2 28.Kxb2 a3+ 29.Kb1 Rxd3
30.cxd3 a2+ 31.Kb2 Qxc1+ 32.Kxc1 a1=Q+ 33.Kd2 b2  0-1

[Event "Midwest Masters op"]
[Site "Chicago"]
[Date "1989.??.??"]
[Round "5"]
[White "Brooks, Michael A"]
[Black "Gufeld, Eduard"]
[Result "1-0"]
[WhiteElo "2385"]
[BlackElo "2490"]

1.e4 c5 2.Nf3 Nc6 3.d4 cxd4 4.Nxd4 Nf6 5.Nc3 d6 6.Bg5 Qb6 7.Nb3 e6 8.Be2 Be7
9.O-O O-O 10.Be3 Qc7 11.f4 a6 12.a4 b6 13.Bf3 Bb7 14.Qe2 Nd7 15.Rad1 Nc5
16.Qf2 Rad8 17.Kh1 Rfe8 18.Rd2 Bf6 19.e5 dxe5 20.Nxc5 Rxd2 21.Bxd2 bxc5 22.Ne4 Be7
23.Nxc5 Bxc5 24.Qxc5 exf4 25.b4 e5 26.b5 axb5 27.axb5 e4 28.Re1 f5 29.bxc6 Qxc6
30.Qxc6 Bxc6 31.Be2 g5 32.Kg1 Bd5 33.c4 Be6 34.c5 Rc8 35.Rc1 Bd5 36.Bb4 Kf7
37.Bb5 Rb8 38.Bc4 Ke6 39.Bxd5+ Kxd5 40.c6 Rc8 41.c7 g4 42.Ba5 e3 43.Rd1+ Kc6
44.Rd3 Kb7 45.Kf1 Ra8 46.Rd8  1-0

[Event "CUB-ch"]
[Site "?"]
[Date "1989.??.??"]
[Round "3"]
[White "Leyva, Hector"]
[Black "Otero, Evelio"]
[Result "1/2-1/2"]
[WhiteElo "2270"]
[BlackElo "2325"]

1.e4 c5 2.Nf3 Nc6 3.d4 cxd4 4.Nxd4 Nf6 5.Nc3 d6 6.Bg5 Bd7 7.Qd2 Rc8 8.O-O-O Nxd4
9.Qxd4 Qa5 10.h4 a6 11.Kb1 h6 12.Bd2 Qc5 13.Qxc5 Rxc5 14.f3 g6 15.Be3 Rc8
16.Bd4 e5 17.Bf2 Be6 18.g3 Be7 19.Be3 Rd8 20.Bh3 b5 21.a3 Kf8 22.g4 Kg7 23.Ne2 Ne8
24.Bg2 d5 25.g5 hxg5 26.hxg5 Rxh1 27.Rxh1 dxe4 28.fxe4 Nd6 29.b3 Nb7 30.Bc1 Nc5
31.Nc3 Rd7 32.Rg1 Bd8 33.Bf3 Nxb3 34.cxb3 Rd3 35.Bd1 Rxc3 36.Bb2 Re3 37.Bxe5+ Kf8
38.Kb2 Rxe4 39.Bc3 Be7 40.Rg2 Rh4 41.Bd2 Bd6 42.Bc3 Rh3 43.Bf6 Re3 44.Re2 Rg3
45.Bc2 Be7 46.Rh2 Bxf6+ 47.gxf6 Ke8 48.Rh8+ Kd7 49.Ra8 g5 50.Rxa6 Kc7 51.Ra8 g4
52.Rg8 Re3 53.Rg7 Kd6 54.Rg5 g3 55.Kc1 Bxb3 56.Kd2 Rf3 57.Be4 Rf2+ 58.Ke3 Bc4
59.Rxg3 Rxf6 60.Rf3 Rxf3+ 61.Bxf3 Ke5 62.Bb7 Bd5 63.Ba6 Bc6 64.Bc8 Kd5 65.Kd3 Kc5
66.Bf5 Bf3 67.Kc3 Bh5 68.Bc2 Bg6 69.Bb3 f6 70.Bd1 Be4 71.Be2 Bc6 72.Kd3 Bd7
73.Ke3 Kb6 74.Kf4 Be6 75.Bf3 Kc5 76.Bh5 Bd7 77.Be2 Bc8 78.Bf1 Be6 79.Bg2 Kd4
80.Bc6 Kc5 81.Bg2 Kb6 82.Bf3 Ka5 83.Bh5 Ka4 84.Be2 Ka5 85.Bd1 Bc8 86.Bb3 Bh3
87.Bd1 Be6 88.Bc2 Bg8 89.Kg4 Kb6 90.Kf4 Kc5 91.Bg6 Bb3 92.Be4 Be6 93.Bf3 Kd4
94.Bc6 Kc4 95.Be8  1/2-1/2